Từ điển Việt Pháp = Dictionnaire Vietnamien - Francais

Bewaard in:
Bibliografische gegevens
Hoofdauteur: Lê, Khả Kế
Formaat: Boek
Taal:Undetermined
Gepubliceerd in: Thành phố Hồ Chí Minh Văn hóa Sài Gòn 2007
Onderwerpen:
Tags: Voeg label toe
Geen labels, Wees de eerste die dit record labelt!
Thư viện lưu trữ: Trung tâm Học liệu Trường Đại học Cần Thơ
LEADER 00693nam a2200217Ia 4500
001 CTU_175263
008 210402s9999 xx 000 0 und d
020 |c 252000 
082 |a 495.922341 
082 |b K250 
100 |a Lê, Khả Kế 
245 0 |a Từ điển Việt Pháp = 
245 0 |b Dictionnaire Vietnamien - Francais 
245 0 |c Lê Khả Kế (Chủ biên), Nguyễn Lân 
260 |a Thành phố Hồ Chí Minh 
260 |b Văn hóa Sài Gòn 
260 |c 2007 
650 |a Vietnamese language,Ngôn ngữ Việt 
650 |x French,Tiếng Pháp 
904 |i Hải 
980 |a Trung tâm Học liệu Trường Đại học Cần Thơ